[Event "Panchavati op 2nd"]
[Site "Panchavati"]
[Date "2016.05.20"]
[Round "7"]
[White "Patodi, Samyak"]
[Black "Mulay, Pratik"]
[Result "0-1"]
[WhiteElo "1454"]
[BlackElo "1961"]
[PlyCount "120"]
[EventDate "2016.05.17"]
[EventType "swiss"]
[EventRounds "10"]
[EventCountry "IND"]
[SourceTitle "CBM 172 Extra"]
[Source "ChessBase"]
[SourceDate "2016.06.21"]
[SourceVersion "1"]
[SourceVersionDate "2016.06.21"]
[SourceQuality "1"]

1. Nf3 d6 2. g3 e5 3. e4 g6 4. Bg2 Bg7 5. 0-0 Ne7 6. d4 0-0 7. c3 Nbc6 8. Be3 Bg4 9. h3 Bxf3 10. Bxf3 d5 11. exd5 Nxd5 12. Bxd5 Qxd5 13. dxe5 Qxd1 14. Rxd1 Nxe5 15. Na3 Rad8 16. Kg2 Nd3 17. Rd2 Bf6 18. Nb5 c6 19. Nd4 Nc5 20. f3 Rfe8 21. Kf2 Na4 22. Rad1 a6 23. Rc1 Nb6 24. Nb3 Nc4 25. Re2 b6 26. Rcc2 c5 27. Nd2 Nd6 28. Bf4 Rxe2+ 29. Kxe2 Re8+ 30. Kf2 Be5 31. Be3 Bxg3+ 32. Kxg3 Rxe3 33. Kf2 Re6 34. Nf1 Nc4 35. b3 Ne5 36. Rd2 Kg7 37. f4 Rf6 38. Kg3 Nc6 39. Ne3 Ne7 40. Rd7 Nf5+ 41. Nxf5+ Rxf5 42. c4 Rf6 43. Rb7 Rd6 44. Kf3 Kf6 45. Ke4 Ke6 46. Ke3 h6 47. h4 a5 48. Rb8 Kf5 49. Rf8 f6 50. Rg8 h5 51. Rg7 a4 52. bxa4 Rd4 53. Rb7 Rxc4 54. Rxb6 Rxa4 55. Rb5 Ra3+ 56. Rb3 Rxb3+ 57. axb3 g5 58. hxg5 fxg5 59. fxg5 Kxg5 60. Kf3 Kf5 0-1